LEADER 00948cam0 2200277 450 001 E600200028918 005 20201002074845.0 010 $a8842035351 100 $a20070904d1990 |||||ita|0103 ba 101 $aita 102 $aIT 200 1 $a<>Sicilia dopo il Vespro$euomini, cittą e campagne, 1282-1376$fIlluminato Peri 210 $aRoma$aBari$cLaterza$d1990 215 $a333 p.$d20 cm 225 2 $aBiblioteca universale Laterza$v304 410 1$1001LAEC00015236$12001 $a*Biblioteca universale Laterza$v304 700 1$aPeri$b, Illuminato$3A600200039082$4070$0180159 801 0$aIT$bUNISOB$c20201002$gRICA 850 $aUNISOB 852 $aUNISOB$j900$m71421 912 $aE600200028918 940 $aM 102 Monografia moderna SBN 941 $aM 957 $a900$b002427$gSi$d71421$racquisto$1pregresso2$2UNISOB$3UNISOB$420070904121639.0$520201002074845.0$6rovito 996 $aSicilia dopo il Vespro$9529395 997 $aUNISOB LEADER 01046nam a2200241 i 4500 001 991004335237607536 005 20250528123256.0 008 240715s1991 it af e 001 0 ita 040 $aBibl. Dip.le Aggr. Scienze Umane e Sociali - Sez. Studi Storici$bita$dSocioculturale Scs 082 04$a610.7$223 100 1 $aAlpago, Andrea$0774538 245 13$aIl Canone di Avicenna fra Europa e Oriente nel primo cinquecento :$bl'Interpretatio arabicorum nominum di Andrea Alpago /$ca cura di Giorgio Vercellin 246 18$aAvicenna 260 $aTorino :$bUTET,$c1991 300 $a141 p., [8] carte di tav. :$bill. ;$c25 cm 500 $aNell'occhietto: Strenna 1991. - In copertina: Strenna UTET 1991 500 $aContiene testo di A. Alpago con la traduzione italiana a fronte 630 04$aAvicenna. Canon medicinae$xTraduzioni 650 4$aMedicina$vDizionari$ySec. 15.-16. 700 1 $aVercellin, Giorgio 912 $a991004335237607536 996 $aCanone di Avicenna fra Europa e Oriente nel primo Cinquecento$93366405 997 $aUNISALENTO